[Event "FRA-ch U18/20 Girls"]
[Site "Agen"]
[Date "2023.04.23"]
[Round "1"]
[White "Diez, Agathe"]
[Black "Marchis Mouren, Emma"]
[Result "1-0"]
[WhiteElo "1920"]
[BlackElo "1318"]
[PlyCount "45"]
[EventDate "2023.04.23"]
[EventType "swiss"]
[EventRounds "9"]
[EventCountry "FRA"]
[SourceTitle "CBM 214 Extra"]
[Source "ChessBase"]
[SourceDate "2023.07.31"]
[SourceVersion "1"]
[SourceVersionDate "2023.07.31"]
[SourceQuality "1"]

1. e4 e5 2. Nf3 Nf6 3. Nc3 Bb4 4. d3 d5 5. exd5 Nxd5 6. Bd2 0-0 7. Be2 Nxc3 8. bxc3 Bd6 9. Ng5 f5 10. d4 Qf6 11. Bc4+ Kh8 12. Nxh7 Qg6 13. Nxf8 Bxf8 14. Qf3 Nc6 15. Qd5 Ne7 16. Qd8 Qf6 17. h4 Ng6 18. Qe8 f4 19. Bd3 Ne7 20. Qh5+ Kg8 21. Bh7+ Kh8 22. Bg6+ Kg8 23. Qh7# 1-0

[Event "Trophee Roza Lallemand Online"]
[Site "Tornelo INT"]
[Date "2020.12.13"]
[Round "9"]
[White "Marchis Mouren, Emma"]
[Black "Maret, Anna"]
[Result "0-1"]
[WhiteElo "1455"]
[BlackElo "1258"]
[PlyCount "80"]
[EventDate "2020.12.13"]
[EventType "swiss (rapid)"]
[EventRounds "9"]
[EventCountry "USA"]
[SourceTitle "EXT 2022"]
[Source "ChessBase"]
[SourceDate "2021.10.06"]
[SourceVersion "1"]
[SourceVersionDate "2021.10.06"]
[SourceQuality "1"]

1. d4 d5 2. c4 e6 3. Nf3 Nf6 4. g3 Nbd7 5. Bg2 Be7 6. 0-0 0-0 7. Nc3 b6 8. Re1 Bb7 9. Qd3 c5 10. dxc5 Nxc5 11. Qc2 dxc4 12. Ne5 Bxg2 13. Kxg2 Bd6 14. Nxc4 Bc7 15. Kg1 a6 16. Bg5 h6 17. Rad1 Qe7 18. Bxf6 Qxf6 19. Ne4 Nxe4 20. Qxe4 b5 21. Rd7 Bxg3 22. hxg3 bxc4 23. Qxc4 Qxb2 24. Red1 Rfc8 25. Qb3 Qxe2 26. R7d2 Qb5 27. Qf3 Qc6 28. Qf4 Qc7 29. Qf3 Rd8 30. Qe2 Rxd2 31. Rxd2 a5 32. Rc2 Qb6 33. Qd1 Rd8 34. Qc1 Rb8 35. Kg2 Qb1 36. Qd2 Qb4 37. Qd3 Qb7+ 38. Kg1 Qa8 39. Qd7 Rb1+ 40. Kh2 Qh1# 0-1